| 000 | 01406nam0a22002531 4500 | ||
|---|---|---|---|
| 001 | rc\3733547 | ||
| 005 | 20260407140204.0 | ||
| 021 |
_aRU _b[69-78483] |
||
| 035 | _a(NLR Aleph) 007867195 | ||
| 090 |
_a7834241 _c7834241 |
||
| 100 | _a20130115d1969 |||y0rusy50 ca | ||
| 101 | 0 | _arus | |
| 102 | _aRU | ||
| 105 | _ay d ||||| | ||
| 200 | 1 |
_aТезисы и рефераты докладов _fАН СССР. Объед. науч. совет "Физиология человека и животных". Всесоюз. физиол. о-во им. И.П. Павлова. Акад. мед. наук СССР. Рязан. мед. ин-т им. акад. И.П. Павлова. Дом-музей И.П. Павлова. Двадцать второе совещание по проблемам физиологии высш. нервной деятельности, посвящ. 120-летию со дня рождения И.П. Павлова. Сент. 1969 г. |
|
| 210 |
_aРязань _cБ. и. _d1969 |
||
| 215 |
_a295 с. _d21 |
||
| 606 |
_aВысшая нервная деятельность _jСборники _2psbo |
||
| 710 | 1 | 2 |
_aСовещание по проблемам высшей нервной деятельности _d22 _f1969 _eРязань _3RU\NLR\AUTH\8810082926 _9668014 |
| 801 | 0 |
_aRU _bNLR _gpsbo |
|
| 801 | 1 |
_aRU _bELAR _2rusmarc |
|
| 852 |
_aNLR _j69-5/4549 |
||
| 942 | _cBOOK | ||
| 980 | _aNB | ||